000 00717nam a2200229 i 4500
001 93412
003 ES-MaACL
005 20250907063053.0
007 t|
008 050526s1949 sp |||| | spa d
080 _a32(081)
100 0 _aMárquez, Juan,
_d1565-1621
_977009
245 1 0 _aP. Juan Márquez, O.S.A.
_b: antología /
_cpor Manuel Cardenal de Iracheta.
260 _aMadrid :
_bEditoria Nacional,
_c1949.
300 _a166 p. ;
_c17 cm.
490 1 _aBreviarios del pensamiento español
700 1 _aCardenal de Iracheta, Manuel.
_935131
830 0 _aBreviarios del pensamiento español
_9180739
852 _aES-MaACL
_jD-7487
852 _aES-MaACL
_jD-7352
999 _c93412
_d93412